000 00898nam a2200253Ia 4500
003 OSt
005 20220925223457.0
006 a|||||r|||| 00| 0
007 ta
008 220923b |||||||| |||| 00| 0 eng d
020 _a0415325870
_c27421.43
037 _bINDXL/RTL/108/08-09, 29/12/2008, Index International
_cGeneral Book
040 _aRTL
_cRTL
_beng
041 _2eng
_aeng
082 _aXxN16S:g, P7.1-31RR
100 _aWood John C. Ed.
245 0 _aHerbert A.Simon
_b Critical evaluation in business and management 3V
260 _aLondon
_bRoutledge
_c2007
490 _aCritical evaluation in businessand management
650 _aEconomics
700 _a Wood Michael C Ed.
942 _hXxN16S:g, P7.1-31RR
_cGB
_2CC
999 _c579692
_d579692